| 000 | 00414nam a2200121Ia 4500 | ||
|---|---|---|---|
| 008 | 160609s9999 xx 000 0 und d | ||
| 100 | _aHuntington, Carla Stalling. | ||
| 245 | _aBlack Social Dance In Television Advertising: An Analytical History | ||
| 245 | _cBy:Carla Stalling Huntington | ||
| 260 | _c2011 | ||
| 650 | _xADVERTISING PRINCIPLES | ||
| 856 | _uhttp://file.ebook777.com/BlaSocDanInTelAdvAnAnaHis.pdf | ||
| 999 |
_c295599 _d295599 |
||